|
|
|
|
| LEADER |
01135nam a2200241 a 4500 |
| 001 |
GR-MES1446 |
| 008 |
991111s1994 gr 000 0 gre d |
| 020 |
|
|
|a 9603432555
|
| 040 |
|
|
|a GrPaTEI
|b gre
|c GR-PaULI
|
| 245 |
0 |
0 |
|a Θέματα οικονομικής των επιχειρήσεων =
|b Cash and capital budgeting : Ταμειακοί προυπολογισμοί .Προυπολογισμοί πάγιων επενδύσεων.
|
| 260 |
|
|
|a Θεσσαλονίκη :
|b Αφοι Κυριακίδη,
|c 1994
|
| 300 |
|
|
|a 338σελ. :
|b πιν.,διαγρ.
|
| 650 |
|
4 |
|a Επενδύσεις
|
| 650 |
|
4 |
|a Επιχειρήσεις
|
| 650 |
|
4 |
|a Καπιταλισμός
|
| 650 |
|
4 |
|a Οικονομία
|
| 650 |
|
4 |
|a ΠΡΟΥΠΟΛΟΓΙΣΜΟΙ
|
| 700 |
1 |
|
|a Τσακλαγκάνος, Άγγελος Α.
|
| 710 |
0 |
|
|a Αφοι Κυριακίδη
|
| 942 |
|
|
|2 ddc
|
| 952 |
|
|
|0 1
|1 0
|2 ddc
|4 0
|6 331_714000000000000_ΤΣΑ
|7 0
|9 265645
|a MSLG
|b MSLG
|c BSC
|d 2021-01-17
|e 24
|f 0
|g 0.00
|l 0
|o 331.714 ΤΣΑ
|p 2420000007151
|r 2021-01-17 00:00:00
|t 1
|w 2021-01-17
|y BK15
|x 19991111 0 1
|x GrPaTEI
|
| 971 |
|
|
|a .b25724885
|b 16-04-20
|c 13-09-16
|
| 999 |
|
|
|c 152694
|d 152694
|